00711cam a2200217 a 450000100100000000500170001000800410002704000300006808200230009810000330012124500320015425000110018626000620019730000270025949000530028650000320033965000220037165000190039365000260041283000550043800001958320200929170051.0771102s1947 ag 001 f spa d aDO-SdBNPbspacDLCdBNPHU a863.5bC348e, 19471 aCastelar, Emilio,d1832-189910aErnesto /cEmilio Castelar. a2a ed. aBuenos Aires, Argentina :bEspasa-Calpe Argentina,c1947. a245, [11] p. ;c18 cm.1 aAustral. Azul: novelas y cuentos en generalv794 aIncluye índice de autores 4aNovela española 4aNovela amorosa 4aLiteratura española 0aAustral.pAzul: novelas y cuentos en general;v794